000 00813nam a2200253Ia 4500
003 OSt
005 20221005030043.0
006 a|||||r|||| 00| 0
007 ta
008 221004b |||||||| |||| 00| 0 eng d
020 _a9780521612609 (pbk)
_c1470.66
024 _a95900
037 _bDU0061, 09/03/2009, Independent Publishers Group
_cTextual
040 _aCRL
_cCRL
_beng
041 _2eng
_aeng
082 _aY13:49.3, P6
100 _aMacnicol John
_9282385
245 0 _aAge discrimination
_b an historical and contemporary analysis
260 _aCambridge
_bCambridge University Press
_c2006
300 _ax,308p.
_ccm.
650 _aSOCIOLOGY
942 _hY13:49.3, P6
_cTEXL
_2cc
999 _c935597
_d935597